Testemunha fatal (Record no. 44664)

MARC details
000 -Etiqueta do registo
Valores 00690nam a2200229 4500
010 ## - Número ISBN
ISBN 9789895700233
021 ## - Número do Depósito Legal
Código do país Portugal
Número 500230/22
100 ## - Dados gerais de processamento
Dados gerais 20221121d2022 m y0pory50030103ba
102 ## - País de publicação
País Portugal
200 1# - Titulo e menção de responsabilidade
Título próprio Testemunha fatal
Primeira menção de responsabilidade Robert Bryndza
Outras menções de responsabilidade trad. Carla Ribeiro
205 ## - Menção da edição
Edição 2<U+00AA> ed
210 #9 - Publicação
Local de publicação [S.l.]
Nome do editor Alma dos Livros,
Data de publicação 2022
215 ## - Descrição física 
Paginação / Volumes 321, [6] p.
Dimensões 24 cm
304 ## - Nota relativa ao título
Texto de nota Tít. orig.: Fatal witness
675 ## - CDU
Notação 821.111-3
Edição BN
Língua por
700 #1 - Autor principal (pessoa individual)
Apelido Bryndza,
Nome Robert,
Datas 1979-
702 #1 - Autor secundário (pessoa individual)
Apelido Ribeiro,
Nome Carla
801 #0 - Fonte de origem
País PT
Agência BN
Regras de catalogação RPC
856 41 - Localização e acesso electrónico 
URL <a href="http://rnod.bnportugal.gov.pt/ImagesBN/winlibimg.aspx?skey=&doc=2116181&img=171651&save=true">http://rnod.bnportugal.gov.pt/ImagesBN/winlibimg.aspx?skey=&doc=2116181&img=171651&save=true</a>
990 ## - Elementos KOHA
Tipo de documento Livro
Holdings
Estado Biblioteca de origem Código de barras Cota Permissão de empréstimo Tipo de documento Empréstimo Forma de aquisição
  Biblioteca Municipal de Redondo 054102 821.111-3 BRY   MON Biblioteca Municipal de Redondo  

Powered by Koha